000 00654nam a2200181 i 4500
001 46294
003 ES-MaACL
005 20230906161346.0
007 t|
008 030328s1931 fr ||||1| fre d
245 0 0 _aComptes rendus des seances de la quatrième conference reunie áa Stockholm du 14 au 23 aout 1930 /
_credigée par E. Rothe.
260 _aToulouse :
_bEdomont Privat,
_c1931.
300 _a330 p. ;
_c25 cm.
500 _aPrecede al tít: Union Gedesique et Geophysique Internationale Section de Seismologie.
710 2 _aUnion Géodesique et Géophysique Internationale.
_9194515
852 _aES-MaACL
_jA-117
999 _c46294
_d46294